| 000 | 01476nam a22003610a 4500 | ||
|---|---|---|---|
| 001 | PT22633 | ||
| 003 | AR-LpoUNG | ||
| 005 | 20210131233101.0 | ||
| 008 | 191001s2003||||ag |||||||||||||||||spa d | ||
| 020 |
_a9505575564 _c$5,8 |
||
| 040 |
_aAR-LpoUNG _bspa _cAR-LpoUNG _eaacr |
||
| 041 | _aspa | ||
| 044 | _aag | ||
| 082 | 0 | _a982.067 144ima | |
| 100 | 1 | _aLacoste, Pablo | |
| 245 | 1 | 3 |
_aLa imagen del otro en las relaciones de la Argentina y Chile : _b(1534 - 2000) |
| 250 | _a1ra ed. | ||
| 260 |
_aBuenos Aires : _bFondo de Cultura Económica, _c2003. |
||
| 300 |
_a443 p. : _btbls. |
||
| 520 | _a<p>Explica la movilidad constante de las fronteras jurídicas, imaginarias y reales desde 1534 y su incidencia en la construcción de la imagen de Chile en la Argentina y viceversa. Se analiza el surgimiento de las tesis fundacionales en el siglo XIX, su decadencia y actual renacimiento, que sustentan las teorías de la "Argentina bioceánica" y del "Chile fantástico". A pesar de 190 años de convivencia en paz, aún se fomentan la desconfianza y el recelo mutuos.</p> | ||
| 650 | 4 | _aANALISIS HISTORICO | |
| 650 | 4 | _aDIPLOMACIA | |
| 650 | 4 | _aFRONTERAS | |
| 650 | 4 | _aGEOGRAFIA POLITICA | |
| 650 | 4 | _aHISTORIA | |
| 650 | 4 | _aPOLITICA EXTERIOR | |
| 650 | 4 | _aRELACIONES EXTERIORES | |
| 650 | 4 | _aSOBERANIA | |
| 651 | 4 | _aAmérica Latina | |
| 710 | 2 | _aUniversidad de Santiago de Chile. Instituto de Estudios Avanzados | |
| 905 | _a22633 | ||
| 942 | _cLIB | ||
| 999 |
_c19113 _d19113 |
||